| 000 | 00924pam a2200253 a 4500 | ||
|---|---|---|---|
| 001 | 4870263 | ||
| 005 | 20130214132105.0 | ||
| 008 | 920916s1993 nyua b 001 0 eng | ||
| 020 | _a0070632375 | ||
| 020 | _a9780071128650 | ||
| 082 | 0 | 0 |
_a363.7285 _220 _bTCH |
| 100 | 1 |
_aTchobanoglous, George. _932601 |
|
| 245 | 1 | 0 |
_aIntegrated Solid Waste Management : _bEngineering Principles and Management Issues / _cGeorge Tchobanoglous, Hilary Theisen, Samuel Vigil. |
| 260 |
_aNew York : _bMcGraw-Hill, _cc1993. |
||
| 300 |
_axxi, 978 p. : _bill. ; _c25 cm. |
||
| 440 | 0 |
_aMcGraw-Hill series in water resources and environmental engineering _918946 |
|
| 504 | _aIncludes bibliographical references and indexes. | ||
| 650 | 0 |
_aRefuse and refuse disposal. _932602 |
|
| 650 | 0 |
_aHazardous wastes. _932603 |
|
| 653 |
_bChe _cFebruary2013 |
||
| 700 | 1 |
_aTheisen, Hilary. _932604 |
|
| 700 | 1 |
_aVigil, S. A. _932605 |
|
| 942 |
_2ddc _cBB |
||
| 999 |
_c17293 _d17265 |
||